| 000 | 00369 a2200145 4500 | ||
|---|---|---|---|
| 005 | 20250417121023.0 | ||
| 020 | _a0-538-01650-7 | ||
| 082 | _a657.48 SIE | ||
| 100 | _aSIEGEL, G. | ||
| 245 | _aBehavioral Accounting. | ||
| 260 |
_aWest Chicago, _bSouth-Western, _c1989. |
||
| 300 |
_aVii, 519p.: ill.; figure& table _c24cm. |
||
| 700 | _aMARCON, H. R. | ||
| 942 |
_2ddc _cBKS |
||
| 999 |
_c1553 _d1553 |
||